000
00206 a2200097 4500
001
6092
100
_a
Pennisi, L L
245
_a
Elements of complex variables.
260
_a
_b
Holt
_c
090
_c
4990
_d
4990
942
_a
NUST-CAE
_c
M
_c
31367
999
_c
241165
_d
241165